000 01595nam a22002177a 4500
003 OSt
005 20250818124132.0
008 240918s2012 ag ||||| |||| 00| 0 spa d
020 _a978-987-25834-3-9
040 _cbesoc
245 0 3 _aLa ciudad en movimiento :
_cSandra Fernandez
_bespacio público, sociedad y política : Rosario 1910-1940 /
250 _a1a ed.
260 _aRosario :
_bISHIR Conicet,
_c2012.
300 _a196 p. ;
_c23 cm.
504 _aIncluye bibliografía.
505 0 _aSociabilidad y política corporativa . ña experiencia del Primer Congreso del Comercio Argentino : Rosario, 1911 / Fernández, Sandra -- Fomentismo y sociabilidad : el Centro Progresista de Barrio Echesortu : 1910-1915 / AQlvira, Pablo -- Sociabilidades rosarinas de entreguerra, el oxímoron de un urbanismo patriótico / Man, Ronen -- Diseminación verde : plazas y pequeñoa espacios libres en Rosario durante las entreguerras / Roldán, Diego P. -- Ciudad y vida : planificación sanitaria, espacio y municipio : Rosario 1925-1927 / Pascual, Cecilia M. -- Las recetas culinarias de Alfonso Longo editor : prescripciones del contenido y de la forma de la cocina en la Rosario de entreguerras / Caldo, Paula -- Diferencias estéticas, isntituciones y agrupaciones artísticas : el arte en Rosario entre el Centenario y el inicio del Peronismo / Florio, Sabina -- Arte, polìtica y lenguajes realistas en la obra de Anselmo Piccoli / Rodríguez, Jimena.
650 4 _aRosario
_xhistoria
_ySiglo XX
650 4 _aRosario
_xSociedad
_ySiglo XX
700 1 0 _aFernández, Sandra.
942 _2udc
_cOG
_n0
999 _c330
_d330